[Event "Asia/Oceania Uni-ch (Women)"]
[Site "Tornelo INT"]
[Date "2022.12.19"]
[Round "5"]
[White "Anisa, Aay Aisyah"]
[Black "Asgharzadeh, Mitra"]
[Result "0-1"]
[WhiteElo "1910"]
[BlackElo "1904"]
[PlyCount "86"]
[EventDate "2022.12.18"]
[EventType "swiss (rapid)"]
[EventRounds "9"]
[EventCountry "NET"]
[SourceTitle "EXT 2024"]
[Source "ChessBase"]
[SourceDate "2023.10.10"]
[SourceVersion "1"]
[SourceVersionDate "2023.10.10"]
[SourceQuality "1"]

1. e4 c5 2. c4 Nc6 3. Nc3 g6 4. d3 Bg7 5. g3 d6 6. Bg2 Nf6 7. Nf3 0-0 8. 0-0 Bd7 9. Bg5 a6 10. Qd2 Rb8 11. Bh6 b5 12. Bxg7 Kxg7 13. b3 bxc4 14. dxc4 Qa5 15. Rad1 Bg4 16. Qe3 Bxf3 17. Bxf3 Nd4 18. Kg2 Nd7 19. Rc1 Ne5 20. Be2 e6 21. f4 Nec6 22. Bf3 Qc7 23. Rfe1 Nb4 24. Red1 Qa5 25. Rd2 Qa3 26. Rcd1 Ndc2 27. Qf2 Qb2 28. Nb1 Qxa2 29. e5 dxe5 30. Be4 Qxb3 31. Bxc2 Nxc2 32. Rxc2 exf4 33. gxf4 Rfd8 34. Rxd8 Rxd8 35. Nc3 Qxc4 36. Rd2 Rd4 37. Rxd4 cxd4 38. Nd1 d3 39. Ne3 Qc3 40. Nf1 a5 41. Qe3 a4 42. Nd2 a3 43. Qe1 a2 0-1

[Event "Asia/Oceania Uni-ch (Women)"]
[Site "Tornelo INT"]
[Date "2022.12.18"]
[Round "3"]
[White "Anisa, Aay Aisyah"]
[Black "Alinasab, Mobina"]
[Result "0-1"]
[WhiteElo "1910"]
[BlackElo "2214"]
[PlyCount "84"]
[EventDate "2022.12.18"]
[EventType "swiss (rapid)"]
[EventRounds "9"]
[EventCountry "NET"]
[SourceTitle "EXT 2024"]
[Source "ChessBase"]
[SourceDate "2023.10.10"]
[SourceVersion "1"]
[SourceVersionDate "2023.10.10"]
[SourceQuality "1"]

1. e4 c5 2. Nf3 d6 3. d4 cxd4 4. Nxd4 Nf6 5. Nc3 a6 6. Bg5 e6 7. f4 Be7 8. Qf3 Qc7 9. 0-0-0 b5 10. g4 Bb7 11. Bxf6 Bxf6 12. g5 Be7 13. Rg1 b4 14. Nb1 Nc6 15. f5 Nxd4 16. Rxd4 Qc5 17. Rd1 exf5 18. Qxf5 Rc8 19. Qxc5 Rxc5 20. Rd4 Bxg5+ 21. Nd2 Be3 22. Rxb4 Bxg1 23. Rxb7 0-0 24. Nf3 Be3+ 25. Kd1 a5 26. Bd3 Bf4 27. Rd7 Rh5 28. h4 Bg3 29. a4 Bxh4 30. Rxd6 Bf6 31. c3 Rd8 32. Rxd8+ Bxd8 33. b4 Kf8 34. Nd4 Bb6 35. Nc6 Rg5 36. e5 h5 37. bxa5 Bc5 38. a6 h4 39. a7 Bxa7 40. Nxa7 h3 41. Be4 Rxe5 42. Bb7 Re7 0-1

[Event "Asia/Oceania Uni-ch (Women)"]
[Site "Tornelo INT"]
[Date "2022.12.18"]
[Round "1"]
[White "Anisa, Aay Aisyah"]
[Black "Lana, Haymoor"]
[Result "1-0"]
[WhiteElo "1910"]
[BlackElo "1268"]
[PlyCount "53"]
[EventDate "2022.12.18"]
[EventType "swiss (rapid)"]
[EventRounds "9"]
[EventCountry "NET"]
[SourceTitle "EXT 2024"]
[Source "ChessBase"]
[SourceDate "2023.10.10"]
[SourceVersion "1"]
[SourceVersionDate "2023.10.10"]
[SourceQuality "1"]

1. e4 c5 2. Nf3 Nc6 3. Bb5 Nf6 4. Nc3 Nd4 5. Bc4 e6 6. e5 Ng4 7. Nxd4 cxd4 8. Qxg4 dxc3 9. bxc3 d5 10. Be2 f6 11. Bb5+ Kf7 12. 0-0 fxe5 13. Qh5+ g6 14. Qxe5 Bg7 15. Qg3 Rf8 16. d4 Kg8 17. Bg5 Qa5 18. Be2 Bd7 19. h4 Rae8 20. Rfe1 e5 21. h5 exd4 22. hxg6 h6 23. Qh4 Qxc3 24. Bxh6 Rxe2 25. Bd2 Rxe1+ 26. Rxe1 Qxd2 27. Qh7# 1-0

[Event "Asian University (Women)"]
[Site "Tornelo INT"]
[Date "2021.09.04"]
[Round "6"]
[White "Al Maamari, Wafia Darwish"]
[Black "Anisa, Aay Aisyah"]
[Result "1-0"]
[WhiteElo "1974"]
[BlackElo "1999"]
[PlyCount "139"]
[EventDate "2021.09.03"]
[EventType "swiss (rapid)"]
[EventRounds "9"]
[EventCountry "NET"]
[SourceTitle "CBM 204 Extra"]
[Source "ChessBase"]
[SourceDate "2021.11.30"]
[SourceVersion "1"]
[SourceVersionDate "2021.11.30"]
[SourceQuality "1"]

1. e4 d5 2. exd5 Qxd5 3. d4 Nf6 4. Nc3 Qa5 5. Bd2 c6 6. Bc4 Qb6 7. Nf3 Bg4 8. Bxf7+ Kxf7 9. Ne5+ Ke8 10. Nxg4 Qxd4 11. Nxf6+ exf6 12. 0-0 Be7 13. Re1 Nd7 14. Re4 Qd6 15. Qe2 Kf7 16. Bf4 Ne5 17. Rd1 Qc7 18. Bxe5 fxe5 19. Rxe5 Rhe8 20. Qc4+ Kf8 21. Rf5+ Bf6 22. Ne4 Rad8 23. Rxd8 Rxd8 24. g3 Qd7 25. Qc5+ Kf7 26. Nxf6 gxf6 27. Rf4 Qd1+ 28. Kg2 Qd5+ 29. Qxd5+ Rxd5 30. Kf3 h5 31. Ke3 c5 32. c4 Re5+ 33. Re4 Rg5 34. h4 Rg8 35. a3 b6 36. b4 Rd8 37. f3 cxb4 38. axb4 a5 39. bxa5 bxa5 40. c5 Rc8 41. Rc4 a4 42. Kd3 a3 43. Kc3 Ke6 44. Kd4 Ra8 45. Rc1 a2 46. Ra1 Ra4+ 47. Kc3 Ra3+ 48. Kb4 Rxf3 49. Rxa2 Rxg3 50. Rd2 Rg1 51. c6 Rb1+ 52. Kc5 Rc1+ 53. Kb6 Rb1+ 54. Ka7 Rc1 55. Kb7 Rb1+ 56. Kc8 f5 57. c7 Ke7 58. Rd7+ Ke8 59. Rh7 f4 60. Rxh5 Ke7 61. Rf5 Rb4 62. h5 Ke6 63. Rg5 f3 64. h6 f2 65. h7 f1Q 66. h8Q Qa6+ 67. Kd8 Rd4+ 68. Qxd4 Qa8+ 69. c8Q+ Kf7 70. Qg7# 1-0

[Event "FIDE World Uni Rapid-C 1st"]
[Site "Tornelo INT"]
[Date "2021.03.20"]
[Round "5"]
[White "Grieve, Harry"]
[Black "Anisa, Aay Aisyah"]
[Result "1-0"]
[WhiteElo "2351"]
[BlackElo "1999"]
[PlyCount "61"]
[EventDate "2021.03.20"]
[EventType "swiss (rapid)"]
[EventRounds "12"]
[EventCountry "NET"]
[SourceTitle "CBM 201 Extra"]
[Source "ChessBase"]
[SourceDate "2021.05.31"]
[SourceVersion "1"]
[SourceVersionDate "2021.05.31"]
[SourceQuality "1"]

1. d4 d5 2. Bg5 Nd7 3. Nf3 Ngf6 4. e3 e6 5. Nbd2 Be7 6. Bd3 h6 7. Bh4 c5 8. c3 b6 9. 0-0 Bb7 10. Ne5 0-0 11. f4 Ne4 12. Bxe7 Qxe7 13. Qc2 Ndf6 14. f5 Rac8 15. Nxe4 dxe4 16. Be2 exf5 17. Rxf5 Nd5 18. Qd2 g6 19. Rf2 Qg5 20. Bc4 Rcd8 21. Bxd5 Rxd5 22. Qe2 cxd4 23. cxd4 h5 24. Rc1 Qe7 25. Qf1 Kg7 26. Rfc2 Qg5 27. Rc7 Qxe3+ 28. Kh1 Qxd4 29. Rxf7+ Rxf7 30. Qxf7+ Kh6 31. Qxg6# 1-0

[Event "FIDE World Uni Blitz-C 1st"]
[Site "Tornelo INT"]
[Date "2021.03.13"]
[Round "7.19"]
[White "Anisa, Aay Aisyah"]
[Black "Tokhirjonova, Gulruhbegim"]
[Result "0-1"]
[WhiteElo "1999"]
[BlackElo "2362"]
[PlyCount "56"]
[EventDate "2021.03.13"]
[EventType "swiss (blitz)"]
[EventRounds "10"]
[EventCountry "NET"]
[SourceTitle "EXT 2022"]
[Source "ChessBase"]
[SourceDate "2021.10.06"]
[SourceVersion "1"]
[SourceVersionDate "2021.10.06"]
[SourceQuality "1"]

1. e4 e5 2. Nf3 Nc6 3. d4 exd4 4. Nxd4 Nf6 5. Nxc6 bxc6 6. Bd3 d5 7. e5 Nd7 8. 0-0 Nc5 9. Be2 Be7 10. f4 Bf5 11. c3 Qd7 12. Be3 0-0 13. Nd2 a5 14. Nf3 Bg4 15. Nd4 Bxe2 16. Qxe2 Ne4 17. f5 f6 18. Ne6 Rf7 19. Bf4 fxe5 20. Bxe5 Bd6 21. Bxd6 cxd6 22. Rae1 Re8 23. Qg4 a4 24. Rf3 Qa7+ 25. Rfe3 a3 26. b3 Nxc3 27. Kh1 Ne4 28. Qf3 Rxe6 0-1

[Event "FIDE World Uni Blitz-C 1st"]
[Site "Tornelo INT"]
[Date "2021.03.13"]
[Round "4.43"]
[White "Bhanuprasad, Meghana"]
[Black "Anisa, Aay Aisyah"]
[Result "0-1"]
[WhiteElo "1759"]
[BlackElo "1999"]
[PlyCount "72"]
[EventDate "2021.03.13"]
[EventType "swiss (blitz)"]
[EventRounds "10"]
[EventCountry "NET"]
[SourceTitle "EXT 2022"]
[Source "ChessBase"]
[SourceDate "2021.10.06"]
[SourceVersion "1"]
[SourceVersionDate "2021.10.06"]
[SourceQuality "1"]

1. e4 c5 2. Nf3 Nc6 3. d4 cxd4 4. Nxd4 e5 5. Nb5 a6 6. Nd6+ Bxd6 7. Qxd6 Qf6 8. Qd1 Nge7 9. Nc3 Nd4 10. Be3 b5 11. Bd3 Bb7 12. a4 b4 13. Ne2 Nxe2 14. Qxe2 d5 15. Bc5 0-0 16. 0-0 a5 17. exd5 Bxd5 18. f4 e4 19. Bxe4 Rfe8 20. Qd3 Bxe4 21. Qxe4 Nf5 22. Qf3 Qxb2 23. Rae1 Qxc2 24. Bf2 h6 25. Rc1 Qe4 26. Qb3 Rac8 27. Rfe1 Rxc1 28. Rxc1 Qxf4 29. Rf1 Qe4 30. Bc5 Qe5 31. Bb6 Re6 32. Bf2 Ne3 33. Re1 Qg5 34. Bxe3 Qh4 35. Bf2 Rxe1+ 36. Bxe1 Qxe1# 0-1

[Event "Asian Continental op (Women) 17th"]
[Site "Makati"]
[Date "2018.12.15"]
[Round "6"]
[White "Frayna, Janelle Mae"]
[Black "Anisa, Aay Aisyah"]
[Result "1-0"]
[WhiteElo "2228"]
[BlackElo "1985"]
[PlyCount "91"]
[EventDate "2018.12.10"]
[EventType "swiss"]
[EventRounds "9"]
[EventCountry "PHI"]
[SourceTitle "CBM 187 Extra"]
[Source "ChessBase"]
[SourceDate "2018.11.04"]
[SourceVersion "1"]
[SourceVersionDate "2018.11.04"]
[SourceQuality "1"]

1. Nf3 Nf6 2. c4 c5 3. g3 Nc6 4. Bg2 g6 5. 0-0 Bg7 6. Nc3 0-0 7. d4 cxd4 8. Nxd4 Qb6 9. Nc2 d6 10. h3 Be6 11. b3 Rfd8 12. e4 Nh5 13. Na4 Qa6 14. Nb2 b5 15. g4 Nf6 16. cxb5 Qxb5 17. Qd3 Rab8 18. f4 Rdc8 19. Qxb5 Rxb5 20. Nd3 Ne8 21. Bb2 Bxb2 22. Nxb2 f5 23. exf5 Rc5 24. Rf2 Bf7 25. b4 Rc3 26. Nd1 Rc4 27. Nce3 Nxb4 28. Nxc4 Rxc4 29. fxg6 hxg6 30. Ne3 Rd4 31. a3 Na6 32. f5 g5 33. Re1 Kf8 34. Nc2 Rc4 35. Bf1 Ra4 36. Bb5 Ra5 37. a4 Nac7 38. Nd4 Bd5 39. Ne6+ Kf7 40. Nxg5+ Kf6 41. Nh7+ Kf7 42. Rfe2 e5 43. fxe6+ Ke7 44. Bxe8 Nxe8 45. Rf2 Bxe6 46. Nf8 1-0

[Event "Asian Continental op (Women) 17th"]
[Site "Makati"]
[Date "2018.12.14"]
[Round "5"]
[White "Doan, Thi Van Anh"]
[Black "Anisa, Aay Aisyah"]
[Result "0-1"]
[WhiteElo "1950"]
[BlackElo "1985"]
[PlyCount "108"]
[EventDate "2018.12.10"]
[EventType "swiss"]
[EventRounds "9"]
[EventCountry "PHI"]
[SourceTitle "CBM 187 Extra"]
[Source "ChessBase"]
[SourceDate "2018.11.04"]
[SourceVersion "1"]
[SourceVersionDate "2018.11.04"]
[SourceQuality "1"]

1. d4 Nf6 2. c4 e6 3. Nc3 Bb4 4. Qc2 0-0 5. e4 d5 6. cxd5 exd5 7. e5 Ne4 8. Bd3 c5 9. dxc5 Nd7 10. Nf3 Ndxc5 11. 0-0 Bxc3 12. bxc3 Nxd3 13. Qxd3 Be6 14. Be3 Qa5 15. Rfc1 Rac8 16. Bd4 h6 17. Nd2 Nxd2 18. Qxd2 Rc4 19. f4 Bf5 20. h3 b5 21. g4 Be4 22. f5 b4 23. cxb4 Qa3 24. Kh2 Rxb4 25. f6 Rfb8 26. Bc5 Rb2 27. Bxa3 Rxd2+ 28. Kg1 Rd3 29. e6 Rxa3 30. Rc7 Rg3+ 31. Kf2 Rf3+ 32. Ke1 Rxf6 33. e7 Re6 34. Rxa7 Re8 35. a4 R6xe7 36. Ra5 Bg2+ 37. Kd2 Re2+ 38. Kd3 R8e3+ 39. Kd4 Rxh3 40. Rb5 Rg3 41. a5 Rxg4+ 42. Kc5 d4 43. Rb3 Rc2+ 44. Kd6 Rg6+ 45. Ke5 Rc8 46. a6 Rg4 47. Kf5 h5 48. Ra5 Re8 49. Re5 Be4+ 50. Rxe4 Rgxe4 51. Rb5 g6+ 52. Kg5 R4e5+ 53. Kh6 Rxb5 54. a7 Kf8 0-1

[Event "Olympiad Women-43"]
[Site "Batumi"]
[Date "2018.09.27"]
[Round "4.28"]
[White "Anisa, Aay Aisyah"]
[Black "Monroy Garzon, Nataly Alejandra"]
[Result "1-0"]
[WhiteElo "1968"]
[BlackElo "1961"]
[PlyCount "67"]
[EventDate "2018.09.24"]
[EventType "team-swiss"]
[EventRounds "11"]
[EventCountry "GEO"]
[SourceTitle "EXT 2020"]
[Source "ChessBase"]
[SourceDate "2019.10.17"]
[SourceVersion "1"]
[SourceVersionDate "2019.10.17"]
[SourceQuality "1"]
[WhiteTeam "Indonesia (W)"]
[BlackTeam "Bolivia (W)"]
[WhiteTeamCountry "INA"]
[BlackTeamCountry "BOL"]

1. e4 c5 2. Nf3 Nc6 3. d4 cxd4 4. Nxd4 g6 5. Nc3 Bg7 6. Be3 Nf6 7. Nxc6 bxc6 8. e5 Ng8 9. f4 f6 10. Bd4 Nh6 11. exf6 exf6 12. Qe2+ Qe7 13. Ne4 Kd8 14. Bc5 Qe6 15. Nd6 Qxe2+ 16. Bxe2 Bf8 17. 0-0-0 Bxd6 18. Rxd6 f5 19. Rhd1 Re8 20. Bf3 Kc7 21. b4 Nf7 22. Rf6 Nd8 23. Bd6+ Kb6 24. a4 a5 25. Bc5+ Kc7 26. b5 Re6 27. b6+ Kb7 28. Rf8 d6 29. Bxd6 Bd7 30. Bc7 Re7 31. Rxd8 Rxd8 32. Bxd8 Rf7 33. Re1 h6 34. Re5 1-0